<?xml version="1.0" encoding="UTF-8"?><?xml-stylesheet type="text/xsl" href="static/style.xsl"?><OAI-PMH xmlns="http://www.openarchives.org/OAI/2.0/" xmlns:xsi="http://www.w3.org/2001/XMLSchema-instance" xsi:schemaLocation="http://www.openarchives.org/OAI/2.0/ http://www.openarchives.org/OAI/2.0/OAI-PMH.xsd"><responseDate>2026-04-17T13:52:09Z</responseDate><request verb="GetRecord" identifier="oai:riubu.ubu.es:10259/6762" metadataPrefix="marc">https://riubu.ubu.es/oai/request</request><GetRecord><record><header><identifier>oai:riubu.ubu.es:10259/6762</identifier><datestamp>2024-07-16T11:19:59Z</datestamp><setSpec>com_10259_9391</setSpec><setSpec>com_10259_5087</setSpec><setSpec>com_10259_2728</setSpec><setSpec>col_10259_9392</setSpec></header><metadata><record xmlns="http://www.loc.gov/MARC21/slim" xmlns:doc="http://www.lyncode.com/xoai" xmlns:xsi="http://www.w3.org/2001/XMLSchema-instance" xmlns:dcterms="http://purl.org/dc/terms/" xsi:schemaLocation="http://www.loc.gov/MARC21/slim http://www.loc.gov/standards/marcxml/schema/MARC21slim.xsd">
<leader>00925njm 22002777a 4500</leader>
<datafield tag="042" ind1=" " ind2=" ">
<subfield code="a">dc</subfield>
</datafield>
<datafield tag="720" ind1=" " ind2=" ">
<subfield code="a">Saiz Domínguez, Raquel</subfield>
<subfield code="e">author</subfield>
</datafield>
<datafield tag="520" ind1=" " ind2=" ">
<subfield code="a">La comercialización de envases plásticos de un solo uso en el mercado de frutas y verduras se ha convertido&#xd;
en un problema importante a nivel mundial, por lo que es crucial su eliminación en los puntos de venta de&#xd;
frutas y verduras. Para lograr la eliminación de los envases plásticos en el mercado de frutas y verduras,&#xd;
primero es necesario conocer la percepción, actitud y disposición a pagar de los consumidores frente a las&#xd;
alternativas plásticas, así como identificar las diferentes opciones de las que dispone el consumidor&#xd;
mediante un inventario de las diferentes alternativas plásticas en el mercado. Este trabajo estudia el&#xd;
comportamiento del consumidor de frutas y verduras burgalés, con el objetivo de analizar de forma&#xd;
descriptiva la correlación existente entre la percepción, la actitud y la disposición a pagar de los&#xd;
consumidores.</subfield>
</datafield>
<datafield tag="520" ind1=" " ind2=" ">
<subfield code="a">The marketing of single-use plastic packaging in the fruit and vegetable market has become a major problem&#xd;
worldwide and its elimination at the point of sale of fruit and vegetables is crucial. In order to achieve the&#xd;
elimination of plastic packaging in the fruit and vegetable market, it is first necessary to understand consumer&#xd;
perception, attitude and willingness to pay for plastic alternatives, as well as to identify the different options&#xd;
available to the consumer through an inventory of the different plastic alternatives on the market. This work&#xd;
studies the consumer behaviour of fruit and vegetable consumers in Burgos, with the aim of analysing&#xd;
descriptively the correlation between consumer perception, attitude and willingness to pay.</subfield>
</datafield>
<datafield tag="024" ind2=" " ind1="8">
<subfield code="a">http://hdl.handle.net/10259/6762</subfield>
</datafield>
<datafield ind1=" " ind2=" " tag="653">
<subfield code="a">Actitud</subfield>
</datafield>
<datafield ind1=" " ind2=" " tag="653">
<subfield code="a">Percepción</subfield>
</datafield>
<datafield ind1=" " ind2=" " tag="653">
<subfield code="a">Disposición a pagar</subfield>
</datafield>
<datafield ind1=" " ind2=" " tag="653">
<subfield code="a">Alternativas plásticas</subfield>
</datafield>
<datafield ind1=" " ind2=" " tag="653">
<subfield code="a">Consumidores</subfield>
</datafield>
<datafield ind1=" " ind2=" " tag="653">
<subfield code="a">Attitude</subfield>
</datafield>
<datafield ind1=" " ind2=" " tag="653">
<subfield code="a">Perception</subfield>
</datafield>
<datafield ind1=" " ind2=" " tag="653">
<subfield code="a">Willingness to pay</subfield>
</datafield>
<datafield ind1=" " ind2=" " tag="653">
<subfield code="a">Plastic alternatives</subfield>
</datafield>
<datafield ind1=" " ind2=" " tag="653">
<subfield code="a">Consumers</subfield>
</datafield>
<datafield tag="245" ind1="0" ind2="0">
<subfield code="a">Percepción del consumidor burgalés respecto al envasado de frutas y verduras en alternativas al plástico</subfield>
</datafield>
</record></metadata></record></GetRecord></OAI-PMH>